[Event "Klaipeda-ch"]
[Site "Klaipeda"]
[Date "2017.03.05"]
[Round "7"]
[White "Zirnovas, Martynas"]
[Black "Jankus, Giedrius"]
[Result "0-1"]
[WhiteElo "1862"]
[BlackElo "1791"]
[PlyCount "48"]
[EventDate "2017.01.22"]
[EventType "tourn"]
[EventRounds "11"]
[EventCountry "LTU"]
[SourceTitle "EXT 2019"]
[Source "ChessBase"]
[SourceDate "2018.10.10"]
[SourceVersion "1"]
[SourceVersionDate "2018.10.10"]
[SourceQuality "1"]

1. e4 e6 2. Nf3 d5 3. Nc3 Nf6 4. e5 Nfd7 5. d4 c5 6. Bf4 Nc6 7. Bb5 Qb6 8. Bxc6 bxc6 9. 0-0 Ba6 10. Re1 Qxb2 11. Na4 Qa3 12. Nxc5 Nxc5 13. dxc5 Bxc5 14. Rb1 Qa4 15. Bd2 0-0 16. Rb3 Bc4 17. Rc3 d4 18. Rxc4 Qxc4 19. Re4 Rab8 20. h3 Qxa2 21. Kh2 Rb1 22. Qe2 Qxc2 23. Ng5 Qd1 24. Nxh7 Qxe2 0-1

[Event "Klaipeda-ch"]
[Site "Klaipeda"]
[Date "2017.02.12"]
[Round "4"]
[White "Vaitonis, Vytautas"]
[Black "Jankus, Giedrius"]
[Result "1/2-1/2"]
[WhiteElo "1903"]
[BlackElo "1791"]
[PlyCount "76"]
[EventDate "2017.01.22"]
[EventType "tourn"]
[EventRounds "11"]
[EventCountry "LTU"]
[SourceTitle "EXT 2019"]
[Source "ChessBase"]
[SourceDate "2018.10.10"]
[SourceVersion "1"]
[SourceVersionDate "2018.10.10"]
[SourceQuality "1"]

1. d4 Nf6 2. Nf3 d5 3. c4 c6 4. e3 Bf5 5. Nc3 e6 6. Qb3 Qb6 7. c5 Qc7 8. Nh4 Bg6 9. Nxg6 hxg6 10. g3 Nbd7 11. Bd2 e5 12. Be2 Be7 13. Qc2 Nh7 14. 0-0-0 b6 15. cxb6 Nxb6 16. dxe5 Qxe5 17. Na4 0-0 18. Bc3 Qe6 19. Kb1 c5 20. Nxb6 axb6 21. b3 Bf6 22. Bxf6 Nxf6 23. Bf3 Rfb8 24. Rd2 b5 25. Bg2 b4 26. Rhd1 c4 27. Rd4 cxb3 28. Qxb3 Rb5 29. Bxd5 Nxd5 30. Rxd5 Qe4+ 31. Qd3 Rxd5 32. Qxe4 Rxd1+ 33. Kc2 Rad8 34. Qxb4 Rf1 35. Qf4 Ra8 36. Kb2 Rd8 37. Kc2 Ra8 38. Kb2 Rd8 1/2-1/2